Illuminati : The Cult that Hijacked the World (Record no. 226056)
[ view plain ]
| 000 -LEADER | |
|---|---|
| fixed length control field | 00620nam a22002297a 4500 |
| 005 - DATE AND TIME OF LATEST TRANSACTION | |
| control field | 20221222143703.0 |
| 008 - FIXED-LENGTH DATA ELEMENTS--GENERAL INFORMATION | |
| fixed length control field | 221222b ||||| |||| 00| 0 eng d |
| 020 ## - INTERNATIONAL STANDARD BOOK NUMBER | |
| International Standard Book Number | 1439211485 |
| 040 ## - CATALOGING SOURCE | |
| Transcribing agency | AL |
| 041 ## - LANGUAGE CODE | |
| Language code of text/sound track or separate title | English |
| 082 ## - DEWEY DECIMAL CLASSIFICATION NUMBER | |
| Edition number | 23 |
| Classification number | 366 |
| Item number | MAKI |
| 100 ## - MAIN ENTRY--PERSONAL NAME | |
| Personal name | Henry Makow |
| 100 ## - MAIN ENTRY--PERSONAL NAME | |
| 9 (RLIN) | 67569 |
| 245 ## - TITLE STATEMENT | |
| Title | Illuminati : The Cult that Hijacked the World |
| 260 ## - PUBLICATION, DISTRIBUTION, ETC. | |
| Place of publication, distribution, etc. | Canada |
| Name of publisher, distributor, etc. | Silas Green |
| Date of publication, distribution, etc. | 2008 |
| 300 ## - PHYSICAL DESCRIPTION | |
| Extent | 249 p. |
| Other physical details | PB |
| Dimensions | 22x14 cm. |
| 365 ## - TRADE PRICE | |
| Unit of pricing | $19.95 |
| 650 ## - SUBJECT ADDED ENTRY--TOPICAL TERM | |
| Topical term or geographic name entry element | Jewish |
| 9 (RLIN) | 67570 |
| 650 ## - SUBJECT ADDED ENTRY--TOPICAL TERM | |
| Topical term or geographic name entry element | Illuminati sabbateans and Protocols |
| 9 (RLIN) | 67571 |
| 650 ## - SUBJECT ADDED ENTRY--TOPICAL TERM | |
| Topical term or geographic name entry element | Zionism |
| 9 (RLIN) | 67572 |
| 700 ## - ADDED ENTRY--PERSONAL NAME | |
| Personal name | MAKOW (Henry) |
| 9 (RLIN) | 67573 |
| 942 ## - ADDED ENTRY ELEMENTS (KOHA) | |
| Source of classification or shelving scheme | Dewey Decimal Classification |
| Koha item type | Donated Books |
| Withdrawn status | Lost status | Source of classification or shelving scheme | Damaged status | Not for loan | Collection code | Home library | Current library | Date acquired | Total Checkouts | Full call number | Barcode | Date last seen | Price effective from | Koha item type | Public note |
|---|---|---|---|---|---|---|---|---|---|---|---|---|---|---|---|
| Dewey Decimal Classification | Others | St Aloysius Library | St Aloysius Library | 12/02/2014 | 366 MAKI | D05330 | 12/22/2022 | 12/22/2022 | Donated Books | Donated by V.T. Rajshekar |